UBT Library

Priestley's writings on philosphy science and politics (Record no. 48824)

000 -LEADER
fixed length control field 00296nam a22001217a 4500
008 - FIXED-LENGTH DATA ELEMENTS--GENERAL INFORMATION
fixed length control field 181003b xxu||||| |||| 00| 0 eng d
041 ## - LANGUAGE CODE
Language code of text/sound track or separate title eng
080 ## - UNIVERSAL DECIMAL CLASSIFICATION NUMBER
Universal Decimal Classification number 101
100 ## - Rafti
Rafti 24
101 ## - Shkurtesa
Shkurtesa FIL
245 ## - TITLE STATEMENT
Title Priestley's writings on philosphy science and politics
Statement of responsibility, etc Passmore,J.A
942 ## - ADDED ENTRY ELEMENTS (KOHA)
Source of classification or shelving scheme
Item type Books
Holdings
Withdrawn status Lost status Source of classification or shelving scheme Damaged status Not for loan Collection code Permanent location Current location Shelving location Date acquired Total Checkouts Full call number Barcode Date last seen Price effective from Koha item type
          Koleksioni i përgjithshem UBT - Lipjan UBT - Lipjan Koleksioni i përgjithshem 10/03/2018   101 PAS 002-3013973 10/03/2018 10/03/2018 Books
UBT Library © 2015-2024. All rights reserved University Education for Business and Technology